000 00605nam a2200205 4500
003 OSt
005 20151030100217.0
008 850902s1984 sp 0000 spa
020 _a84-01-37170-8
040 _cBMC
082 _a813.5
100 1 _aSheldon, Sidney
_d1917-2007
_929723
245 1 3 _aEl amo del juego
_cSidney Sheldon; [traducción, Montserrat Solanas Mata]
260 _aBarcelona
_bPlaza & Janés
_c1983
300 _a495 p.
_c19 cm
595 _aTraducción de: Master of the game
650 2 4 _917595
_aNovela norteamericana
700 1 _aSolanas, Montserrat
_929781
942 _2ddc
_cBK
999 _c22697
_d22697